=LDR 00000nam 2200000 4500 =001 INLIS000000000026030 =005 20130612124508 =008 ***********************************Ind** =035 ##$$0010-061300000026030 =041 ##$$a Ind =082 ##$$a 364.15 =090 ##$$a 364.15, Tau m =100 ##$$a Taufiqulhadi, T =245 ##$$a Menembus Sarajevo, kesaksian pembersihan etnik di Bosnia, T. Taufiqulhadi =260 ##$$a 1994 $b Jakarta =300 ##$$a xvi, 144 hlm, 21 cm =650 ##$$a Kejahatan terhadap Kemanusiaan =650 ##$$a Serbia =850 ##$$a NBPNMAT